000 00444nam a2200133Ia 4500
003 GCL
008 140319s9999 xx 000 0 ara d
040 _aGCL /
_cGCL
082 0 4 _a330.122
_bر ل
245 1 0 _aالليبرالية المتوحشة ملاحظات حول التوجيهات الجديدة للراسمالية المعاصرة
260 _a[S.N] :
_bدار المستقبل العربى ،
_c1993
300 _a327 ص
490 _a
999 _c34861
_d34861